000 00692nam a2200193 i 4500
001 43924
003 ES-MaACL
005 20250903052435.0
007 t|
008 030320s1943 sp ||||1| spa d
100 1 _aCavero Blecua, Miguel.
_937184
245 1 4 _aLos regadios en España
_b: conferencia pronunciada el día 28 de febrero de 1942 /
_cMiguel Cavero Blecua.
260 _aMadrid :
_b[s.n.,
_c1943] (
_fGráficas Agma)
300 _a27 p. ;
_c22 cm.
500 _aPrecede al tít.: Asociación Nacional de Ingenieros Agrónomos.
710 2 _aAsociación Nacional de Ingenieros Agrónomos (España)
_91758
852 _aES-MaACL
_j1896-F-16
_bR.27045
999 _c43924
_d43924